000 00815nas a2200241 4500
001 BR9705369
003 BR-BrBNA
005 20231205100630.0
007 ta
008 230509b bl.|||p| |||| 00| 00por d
040 _aBR-BrBNA
_bpor
_cBiblioteca Nacional de Agricultura
041 _a(Pt)
072 _aH60
100 1 _aAbud, J.K.
245 1 _aEfeitos do herbicida sulfosate no controle do arroz vermelho (Oryza sativa L.)e capim arroz (Echinochloa crusgalli L. Beauv), no sistema de cultivo minimo em arroz irrigado
650 _aArroz Irrigado
650 _aArroz Vermelho
650 _aCapim Arroz
650 _aHerbicida
773 0 _tLavoura Arrozeira (Brazil)
_xISSN 0023-9143
_g(Mar-Jun 1997), v. 50(431) p. 7-10
_wBR9705369
909 _a202311
_bLúcia
_c55
_dLúcia Elande
942 _2AGRIS
_n0
_cANA
999 _c157127
_d157127